Żolay gulūnah. (Record no. 67560)

MARC details
000 -LEADER
fixed length control field 00704cam a22002291 4500
001 - CONTROL NUMBER
control field sa 66001032
003 - CONTROL NUMBER IDENTIFIER
control field DLC
005 - DATE AND TIME OF LATEST TRANSACTION
control field 20260227112219.0
008 - FIXED-LENGTH DATA ELEMENTS--GENERAL INFORMATION
fixed length control field 960917s1957 pk c 000 0 pus
010 ## - LIBRARY OF CONGRESS CONTROL NUMBER
LC control number sa 66001032
025 ## - OVERSEAS ACQUISITION NUMBER
Overseas acquisition number PL480:P-Pushto-82
035 ## - SYSTEM CONTROL NUMBER
System control number (OCoLC)35574116
040 ## - CATALOGING SOURCE
Original cataloging agency DLC
Transcribing agency CLU
Modifying agency CLU
-- DLC
042 ## - AUTHENTICATION CODE
Authentication code premarc
050 00 - LIBRARY OF CONGRESS CALL NUMBER
Classification number PK6803
Item number .M3
100 1# - MAIN ENTRY--PERSONAL NAME
Personal name Maẓlūm, ʻAbd al-Karīm,
Dates associated with a name 1908-1961.
245 10 - TITLE STATEMENT
Title Żolay gulūnah.
Statement of responsibility, etc. [Author] Māstạr ʻAbd al-Karīm.
260 ## - PUBLICATION, DISTRIBUTION, ETC.
Place of publication, distribution, etc. [Piṣhāwar,
Name of publisher, distributor, etc. ldārah-yi Ruhbar,
Date of publication, distribution, etc. Tiṛūn 1957]
300 ## - PHYSICAL DESCRIPTION
Extent 2, 184 p.
Other physical details port.
Dimensions 19 cm.
500 ## - GENERAL NOTE
General note Binder's title: Żaulay gulūnah [by] ʻAbdul Karīm Khān.
650 #0 - SUBJECT ADDED ENTRY--TOPICAL TERM
Topical term or geographic name entry element Pushto literature.

No items available.

Powered by Koha